Kannan & Vijayaraghavan Motor Vehicles Laws/ (Record no. 200380)
[ view plain ]
| 000 -LEADER | |
|---|---|
| fixed length control field | 00829 a2200229 4500 |
| 005 - DATE AND TIME OF LATEST TRANSACTION | |
| control field | 20240125120940.0 |
| 010 ## - LCCN (DPL NO) | |
| LC control number | ENG-139023 ENG-139024 |
| 020 ## - INTERNATIONAL STANDARD BOOK NUMBER | |
| International Standard Book Number | 9788196241049(Set of 2) |
| Terms of availability | 6995.00 |
| 035 ## - SYSTEM CONTROL NUMBER | |
| System control number | EN-122555 |
| 035 ## - SYSTEM CONTROL NUMBER | |
| System control number | EN-122556 |
| 037 ## - SOURCE OF ACQUISITION | |
| Source of stock number/acquisition | DBAD/PUB |
| 082 14 - DEWEY DECIMAL CLASSIFICATION NUMBER | |
| Classification number | 343.540944 |
| Edition number | 17 |
| 100 1# - MAIN ENTRY--PERSONAL NAME | |
| Personal name | Vijayaraghavan, N |
| 245 1# - TITLE STATEMENT | |
| Title | Kannan & Vijayaraghavan Motor Vehicles Laws/ |
| Statement of responsibility, etc | By N Vijayaraghavan and Sharath Chandran |
| 250 ## - EDITION STATEMENT | |
| Edition statement | 17 |
| 260 ## - PUBLICATION, DISTRIBUTION, ETC. (IMPRINT) | |
| Place of publication, distribution, etc | Haryana |
| Name of publisher, distributor, etc | Lexis Nexis |
| Date of publication, distribution, etc | 2023 |
| 270 ## - ADDRESS | |
| Address | 14th Floor, Building Noi 10, Tower-B, DLF Cyber City, Phase II |
| City | Haryana |
| Postal code | 122002 |
| Telephone number | +911244774444 |
| Fax number | +911244774100 |
| Electronic mail address | customer.care@lexisnexis.co.in |
| 300 ## - PHYSICAL DESCRIPTION | |
| Extent | cdxxvi,3870p. |
| Dimensions | 25cm(hbk) |
| 490 ## - SERIES STATEMENT | |
| Volume number/sequential designation | Vol 1,Vol 2 |
| 700 ## - ADDED ENTRY--PERSONAL NAME | |
| Personal name | Chandran, Sharath |
| Relator term | Author |
| 9 (RLIN) | 61300 |
| 942 ## - ADDED ENTRY ELEMENTS (KOHA) | |
| Item type | English Books |
| Source of classification or shelving scheme | Dewey Decimal Classification |
| Classification part | 343.540944 |
| Call number suffix | VIJ |
| Withdrawn status | Lost status | Materials specified (bound volume or other part) | Not for loan | Collection code | Home library | Current library | Date acquired | Source of acquisition | Cost, normal purchase price | Full call number | Barcode | Copy number | Cost, replacement price | Koha item type |
|---|---|---|---|---|---|---|---|---|---|---|---|---|---|---|
| Vol 1 | Not For Loan | Reference | Sarojini Nagar | Sarojini Nagar | 25/01/2024 | DBAD/PUB | 3497.50 | 343.540944 VIJ | EN-122555 | 1 | 3497.50 | English Books | ||
| Vol 2 | Not For Loan | Reference | Sarojini Nagar | Sarojini Nagar | 25/01/2024 | DBAD/PUB | 3497.50 | 343.540944 VIJ | EN-122556 | 1 | 3497.50 | English Books |
